| 000 | 00000nas 2200000za 4500 |
| 001 | 9.507341 |
| 003 | CaOODSP |
| 005 | 20221107133753 |
| 007 | cr ||||||||||| |
| 008 | 150406d20022004bccar pso||||f0 a0eng|d |
| 022 | |a1709-4682 |
| 040 | |aCaOODSP|beng |
| 043 | |an-cn--- |
| 086 | 1 |aMR1-18E-PDF |
| 110 | 2 |aInstitute of Health Services and Policy Research (Canada) |
| 210 | 0 |aAnnu. rep. act. |b(Inst. Health Serv. Policy Res.) |
| 222 | 0|aAnnual report of activities |b(Institute of Health Services and Policy Research) |
| 245 | 10|aAnnual report of activities |h[electronic resource] / |cInstitute of Health Services and Policy Research. |
| 260 | |aVancouver : |bCanadian Institutes of Health Research, |cc2002-c2004. |
| 310 | |aAnnual |
| 362 | 0 |aJan. 2001/Mar. 2002-Apr. 2003/Mar. 2004. |
| 500 | |aIssued also in French under title: Rapport annuel des activités. |
| 690 | 07|aHealth care|2gcpds |
| 690 | 07|aHealth policy|2gcpds |
| 775 | 08|tRapport annuel des activités |w(CaOODSP)9.503730 |
| 780 | 00|tAnnual report |w(CaOODSP)9.507340 |